<?xml version="1.0" encoding="UTF-8"?>
<record
    xmlns:xsi="http://www.w3.org/2001/XMLSchema-instance"
    xsi:schemaLocation="http://www.loc.gov/MARC21/slim http://www.loc.gov/standards/marcxml/schema/MARC21slim.xsd"
    xmlns="http://www.loc.gov/MARC21/slim">

  <leader>00683nam a2200229Ia 4500</leader>
  <controlfield tag="005">20230310095346.0</controlfield>
  <controlfield tag="008">210716s2003    xx            000 0 und d</controlfield>
  <datafield tag="020" ind1=" " ind2=" ">
    <subfield code="a">9788177581652</subfield>
  </datafield>
  <datafield tag="040" ind1=" " ind2=" ">
    <subfield code="c"> AIMIT LIBRARY</subfield>
  </datafield>
  <datafield tag="041" ind1=" " ind2=" ">
    <subfield code="a">eng</subfield>
  </datafield>
  <datafield tag="082" ind1=" " ind2=" ">
    <subfield code="a">004.65 </subfield>
    <subfield code="2">4</subfield>
    <subfield code="b">TANA</subfield>
  </datafield>
  <datafield tag="100" ind1=" " ind2=" ">
    <subfield code="a">Tanenbaum, Andrew S.</subfield>
    <subfield code="9">74903</subfield>
  </datafield>
  <datafield tag="245" ind1=" " ind2=" ">
    <subfield code="a">Computer networks /</subfield>
    <subfield code="c">By Andrew S Tanenbaum</subfield>
  </datafield>
  <datafield tag="250" ind1=" " ind2=" ">
    <subfield code="a">4th ed.</subfield>
  </datafield>
  <datafield tag="260" ind1=" " ind2=" ">
    <subfield code="a">New Delhi :</subfield>
    <subfield code="b">Pearson Education ,</subfield>
    <subfield code="c">2003.</subfield>
  </datafield>
  <datafield tag="300" ind1=" " ind2=" ">
    <subfield code="a">xx,891p. ;</subfield>
    <subfield code="c">24 cm.</subfield>
  </datafield>
  <datafield tag="650" ind1=" " ind2=" ">
    <subfield code="a">Physical layer</subfield>
    <subfield code="9">74904</subfield>
  </datafield>
  <datafield tag="650" ind1=" " ind2=" ">
    <subfield code="a">Data link layer</subfield>
    <subfield code="9">74905</subfield>
  </datafield>
  <datafield tag="650" ind1=" " ind2=" ">
    <subfield code="a">Medium access control sublayer</subfield>
    <subfield code="9">74906</subfield>
  </datafield>
  <datafield tag="650" ind1=" " ind2=" ">
    <subfield code="a">Transport layer</subfield>
    <subfield code="9">74907</subfield>
  </datafield>
  <datafield tag="942" ind1=" " ind2=" ">
    <subfield code="2">ddc</subfield>
    <subfield code="c">BK</subfield>
    <subfield code="e">4th</subfield>
    <subfield code="k">004.65 TANA</subfield>
  </datafield>
  <datafield tag="999" ind1=" " ind2=" ">
    <subfield code="c">190810</subfield>
    <subfield code="d">190810</subfield>
  </datafield>
  <datafield tag="952" ind1=" " ind2=" ">
    <subfield code="0">0</subfield>
    <subfield code="1">0</subfield>
    <subfield code="2">ddc</subfield>
    <subfield code="4">0</subfield>
    <subfield code="7">0</subfield>
    <subfield code="8">MCA</subfield>
    <subfield code="a">AIMIT</subfield>
    <subfield code="b">AIMIT</subfield>
    <subfield code="e">Higginbothams Pvt Ltd</subfield>
    <subfield code="g">425.00</subfield>
    <subfield code="i">Bill no:743; Bill dt:2010-09-17</subfield>
    <subfield code="l">0</subfield>
    <subfield code="o">004.65 TANA</subfield>
    <subfield code="p">MCA10318</subfield>
    <subfield code="r">2025-07-21 00:00:00</subfield>
    <subfield code="v">318.75</subfield>
    <subfield code="w">2021-07-16</subfield>
    <subfield code="y">BK</subfield>
  </datafield>
  <datafield tag="952" ind1=" " ind2=" ">
    <subfield code="0">0</subfield>
    <subfield code="1">0</subfield>
    <subfield code="2">ddc</subfield>
    <subfield code="4">0</subfield>
    <subfield code="7">0</subfield>
    <subfield code="8">MCA</subfield>
    <subfield code="a">AIMIT</subfield>
    <subfield code="b">AIMIT</subfield>
    <subfield code="e">Higginbothams Pvt Ltd</subfield>
    <subfield code="g">425.00</subfield>
    <subfield code="i">Bill no:743; Bill dt:2010-09-17</subfield>
    <subfield code="l">0</subfield>
    <subfield code="o">004.65 TANA</subfield>
    <subfield code="p">MCA10319</subfield>
    <subfield code="r">2025-07-21 00:00:00</subfield>
    <subfield code="v">318.75</subfield>
    <subfield code="w">2021-07-16</subfield>
    <subfield code="y">BK</subfield>
  </datafield>
</record>
